000 01067nam a22003855a 4500
001 002897
003 armpunfd
005 20150623151654.0
008 140822s1995####ag############000#0#und#d
020 _a9502005896
080 _a347.45/ 47 Z
245 1 0 _aReformas al Codigo Civil /
260 _aBuenos Aires :
_bAbeledo- Perrot,
_c1995.
300 _a371 P.
650 7 _aCajas de Seguridad
_2LEMB
650 7 _aCesion de Derechos
_2LEMB
650 7 _aComodato
_2LEMB
650 7 _aConsignacion
_2LEMB
650 7 _aContrato Oneroso de Renta Vitalicia
_2LEMB
650 7 _aContratos
_2LEMB
650 7 _aCorretaje
_2LEMB
650 7 _aDeposito
_2LEMB
650 7 _aDonacion
_2LEMB
650 7 _aFIanza
_2LEMB
650 7 _aFideicomiso
_2LEMB
650 7 _aJuego y Apuesta
_2LEMB
650 7 _aMandato
_2LEMB
650 7 _aMutuo
_2LEMB
650 7 _aProyecto de Unificaion Civil y Comercial
_2LEMB
651 _2LEMB
700 1 _aALterini, Atilio Anibal.
700 1 _aLOpez Cabana, Roberto M.
945 _acd
_d2014-08-22
999 _c3250
_d233754